000 00894cab a2200253 4500
001 ABS57074
008 090401t1997 xxu||||| |||| 00| 0 eng d
035 _a(Sirsi) u98484
041 _aeng
100 _aHolloway, J.
245 _aEnvironmental protection for neighbours - legal liability for tree root damage
260 _c1997
350 _a0
490 _aConstruction Law Journal
_v(1997) Const.L.J. 143-156(14)
520 _aExamines the legal liability regarding tree root damage resulting in subsidence. Discusses principles of liability, required foreseeability, problems of causation, ownership and remedies, insurers liability. Case law.
650 _aENVIRONMENTAL PROTECTION
650 _aLIABILITY
650 _aTREE ROOTS
690 _aBUILT ENVIRONMENT-BUILDING PATHOLOGY
700 _aBurr, A.
700 _aGrieve, S.
942 _n0
948 _c13/06/1997
999 _c59869
_d59869